Learning Resource and Development

Strategic human resources management in schools : (Record no. 31124)

MARC details
000 -LEADER
fixed length control field 03501nam a2200325 i 4500
003 - CONTROL NUMBER IDENTIFIER
control field CSPC
005 - DATE AND TIME OF LATEST TRANSACTION
control field 20251215101450.0
008 - FIXED-LENGTH DATA ELEMENTS--GENERAL INFORMATION
fixed length control field 251209b2024 nyu b 001 0 eng d
020 ## - INTERNATIONAL STANDARD BOOK NUMBER
International Standard Book Number 9781032598017
040 ## - CATALOGING SOURCE
Original cataloging agency CSPC
Language of cataloging eng
Transcribing agency CSPC
Description conventions rda
050 #4 - LIBRARY OF CONGRESS CALL NUMBER
Classification number LB2831.58
Item number .T73 2024
082 04 - DEWEY DECIMAL CLASSIFICATION NUMBER
Classification number 371.2010973
Item number T685s
Edition number 23
100 1# - MAIN ENTRY--PERSONAL NAME
Personal name Tran, Henry,
Relator term author.
245 10 - TITLE STATEMENT
Title Strategic human resources management in schools :
Remainder of title talent-centered education leadership /
Statement of responsibility, etc. Henry Tran and Carolyn Kelley.
264 #1 - PRODUCTION, PUBLICATION, DISTRIBUTION, MANUFACTURE, AND COPYRIGHT NOTICE
Place of production, publication, distribution, manufacture New York, NY ;
-- Abingdon, Oxon :
Name of producer, publisher, distributor, manufacturer Routledge,
Date of production, publication, distribution, manufacture, or copyright notice 2024.
300 ## - PHYSICAL DESCRIPTION
Extent xi, 228 pages ;
Dimensions 26 cm.
336 ## - CONTENT TYPE
Source rdacontent
Content type term text
337 ## - MEDIA TYPE
Source rdamedia
Media type term unmediated
338 ## - CARRIER TYPE
Source rdacarrier
Carrier type term volume
490 0# - SERIES STATEMENT
Series statement PSEL/NELP leadership preparation series
504 ## - BIBLIOGRAPHY, ETC. NOTE
Bibliography, etc. note Includes bibliographical references and index.
505 0# - FORMATTED CONTENTS NOTE
Formatted contents note Setting the stage for a great workplace -- Introduction to talent-centered education leadership -- Optimizing working conditions for school staff excellence -- Talent motivation -- Getting the right people -- Planning for talent needs: recruitment and retention -- Selection -- Building human capacity -- Induction -- Professional development and coaching -- Communities -- of practice -- Performance appraisal -- Teacher leadership development.
520 ## - SUMMARY, ETC.
Summary, etc. "This book provides a new approach to human resources management,grounded in the perspectives of cutting-edge practice, research, and theory. esigned for aspiring leaders, this volume is aligned to the PSEL and NELP Building and District Level standards and is full of rich pedagogical features."-- Provided by publisher.
520 ## - SUMMARY, ETC.
Summary, etc. "Strategic Human Resources Management in Schools provides a new approach to human resources management, grounded in the perspectives of cutting-edge practice, research, and theory. Traditional human resource (HR) practices in education have operated in an isolated and reactionary manner; this book explores an updated version of personnel administration that links strategic human resources to organizational goals, educational mission, educator well-being, and student success. Coverage includes exemplar strategic HR practices from progressive organizations and leading companies, discussion of tricky issues like discrimination and implicit bias, and developmental and humanistic support of teachers as well as support staff, including paraprofessionals, food service workers, and bus drivers. The Talent-Centered Education Leadership (TCEL) model presented in this book explores how educational leaders can create a nurturing and inclusive workplace for all educational staff, which is ultimately critical for improvement in student learning and strengthening recruitment and retention of a quality education workforce. Designed for aspiring leaders, this volume is grounded in the Professional Standards for Educational Leaders (PSEL) and National Educational Leadership Preparation (NELP) Building and District Level standards and is full of rich pedagogical features including cases, "warning boxes" to explore areas particularly thorny to navigate, questions for discussion, and various learning activities." -- Back cover
650 #0 - SUBJECT ADDED ENTRY--TOPICAL TERM
Topical term or geographic name entry element School personnel management
Geographic subdivision United States.
650 #0 - SUBJECT ADDED ENTRY--TOPICAL TERM
Topical term or geographic name entry element Educational leadership
Geographic subdivision United States.
700 1# - ADDED ENTRY--PERSONAL NAME
Personal name Kelley, Carolyn,
Relator term author.
942 ## - ADDED ENTRY ELEMENTS (KOHA)
Source of classification or shelving scheme Dewey Decimal Classification
Suppress in OPAC No
Koha item type Books
Classification part 371.2010973
Item part T685s
Call number prefix CIR
Call number suffix 2024
Edition 23
Holdings
Withdrawn status Lost status Source of classification or shelving scheme Damaged status Not for loan Home library Current library Shelving location Date acquired Total Checkouts Full call number Barcode Date last seen Copy number Price effective from Koha item type
    Dewey Decimal Classification     Main Library Main Library Circulation Section 12/09/2025   CIR 371.2010973 T685s 2024 030920 12/09/2025 1-1 12/09/2025 Books